En busca de la identidad femenina /

Enregistré dans:
Détails bibliographiques
Auteur principal: Sojo M, Ana
Format: Texte
Tags: Ajouter un tag
Pas de tags, Soyez le premier à ajouter un tag!

MARC

LEADER 00000 a a2200000 04500
001 1599
003
040
100 |a Sojo M, Ana  
245 |a En busca de la identidad femenina /  |c Ana Sojo M 
773 |g número 22; páginas 47-48  
999 |c 25557  |d 25557